| 000 | 02019nam a2200325 i 4500 | ||
|---|---|---|---|
| 001 | 155395 | ||
| 003 | ES-MaACL | ||
| 005 | 20251114150738.0 | ||
| 008 | 931025m17931794sp a |||| | spa d | ||
| 100 | 1 |
_aHervás, Lorenzo, _d1735-1809 _963423 |
|
| 245 | 1 | 0 |
_aViage estático al mundo planetario, en que se observan el mecanismo y los principales fenómenos del Cielo; se indagan sus causas físicas, y se demuestran la existencia de Dios y sus admirables atributos / _cobra del Abate D. Lorenzo Hervás y Panduro... ; tomo primero [-quarto]. |
| 246 | 3 | _aViaje estático al mundo planetario | |
| 260 |
_aEn Madrid : _ben la Imprenta de Aznar, _c1793-1794. |
||
| 300 |
_a4 v. ([20], XXXII, 280 [i.e. 272] p., [1] h. de lám., 1 h. de lám. pleg. ; [4], 292 p., [2] h. de lám. pleg. ; [20], 396 p., [1] h. de lám. pleg. ; [4], 323, [1] p.) ; _c4º. |
||
| 530 | _aDisponible en formato digital. | ||
| 596 | _aMarca tip. en port. | ||
| 597 | _aSign.: [ ]², *-2*4, A-Z4, 2A-2P4 ; []4 ,B-Z4, 2A-2O4 ; [ ]², a-b4, A-Z4, 2A-2Z4, 3A-3C4, 3D² ; [ ]², A-Z4, 2A-2R4, 2S². | ||
| 597 | _aError de paginación en v. 1: de p. 200 pasa a p. 209. | ||
| 597 | _aTexto con apostillas marginales y notas a pie de página. | ||
| 597 | _aCada v. con portada, paginación y sign. propias. | ||
| 599 | _aLas láminas son grabados calcográficos: en v 1: retrato del autor, al pie consta: "Romo Dominic. Cardelli del., Jose fs. Ximeno sculpt. M.", y lám. plegada con sistema solar; en v. 2: Afroditografía o mapa de Venus; en v. 3: Selenografía o mapa lunar, al pie consta "M.B." | ||
| 650 | 0 | 7 |
_aMecánica celeste _2embne _914873 |
| 650 | 7 |
_aAstronomía _2embne _910386 |
|
| 651 | 7 |
_aSistema solar _2 _9172024 |
|
| 700 | 1 |
_aCardelli, Domenico. _9126329 |
|
| 700 | 1 |
_aJimeno, José, _d1757-ca. 1807 _9157407 |
|
| 852 |
_aES-MaACL _jR-1374-77 _z- Enc. hol. _x Olim: G-12580-83 |
||
| 856 |
_uhttp://bdh-rd.bne.es/viewer.vm?id=0000015722&page=1 _zBiblioteca Digital Hispánica |
||
| 999 |
_c155395 _d155395 |
||